Sports Quiz

Random Sports or NBA Quiz

Oklahoma City Thunder win share season leaders Quiz Stats

 Plays Quiz not verified by Sporcle

Score 0/52 Timer 07:00
0 Plays Today
Season Player % Correct
2016-17Russell Westbrook
100%
2017-18Russell Westbrook
100%
2018-19Paul George
100%
2008-09Kevin Durant
99.2%
2009-10Kevin Durant
99.2%
2010-11Kevin Durant
99.2%
2011-12Kevin Durant
99.2%
2012-13Kevin Durant
99.2%
2013-14Kevin Durant
99.2%
2014-15Russell Westbrook
99.2%
2015-16Kevin Durant
97.6%
1995-96*Gary Payton
97.5%
1996-97*Gary Payton
97.5%
1997-98*Gary Payton
97.5%
1998-99*Gary Payton
97.5%
1999-00*Gary Payton
97.5%
2000-01*Gary Payton
97.5%
2001-02*Gary Payton
97.5%
1992-93*Shawn Kemp
93.3%
1993-94*Shawn Kemp
93.3%
2003-04*Ray Allen
90%
2004-05*Ray Allen
90%
2005-06*Ray Allen
90%
2002-03*Rashard Lewis
77.5%
2006-07*Rashard Lewis
77.5%
1994-95*Detlef Schrempf
72.5%
Season Player % Correct
1978-79*Jack Sikma
66.7%
1980-81*Jack Sikma
66.7%
1981-82*Jack Sikma
66.7%
1982-83*Jack Sikma
66.7%
1983-84*Jack Sikma
66.7%
1984-85*Jack Sikma
66.7%
1985-86*Jack Sikma
66.7%
1979-80*Gus Williams
55%
1986-87*Dale Ellis
55%
1987-88*Dale Ellis
55%
1988-89*Dale Ellis
55%
1972-73*Spencer Haywood
50.8%
1973-74*Spencer Haywood
50.8%
1968-69*Lenny Wilkens
45.8%
1971-72*Lenny Wilkens
45.8%
2007-08*Nick Collison
42.5%
1974-75*Fred Brown
40.8%
1975-76*Fred Brown
40.8%
1976-77*Fred Brown
40.8%
1991-92*Ricky Pierce
19.2%
1989-90*Michael Cage
15%
1990-91*Derrick McKey
13.3%
1967-68*Bob Rule
12.5%
1977-78*Marvin Webster
10.8%
1969-70*Dick Snyder
5%
1970-71*Dick Snyder
5%

You're not logged in!

Compare scores with friends on all Sporcle quizzes.
OR
Log In

Show Comments

Extras

Top Quizzes Today


Score Distribution

Your Account Isn't Verified!

In order to create a playlist on Sporcle, you need to verify the email address you used during registration. Go to your Sporcle Settings to finish the process.

Report this User

Report this user for behavior that violates our Community Guidelines.

Details: